[Event "Staatsliga B"]
[Site "St. Valentin"]
[Date "2004.03.14"]
[Round "11.4"]
[White "Gyorkos, Lajos"]
[Black "Kastner, Walter"]
[Result "1/2-1/2"]
[WhiteElo "2428"]
[BlackElo "2231"]
[PlyCount "159"]
[EventDate "2003.11.08"]

1. c4 c5 2. Nf3 Nf6 3. Nc3 Nc6 4. e4 d6 5. d4 cxd4 6. Nxd4 Bd7 7. Be2 e6 8. O-O
Be7 9. Nc2 Qc7 10. b3 Rd8 11. Ne3 O-O 12. Bb2 Ne5 13. Qd2 Bc6 14. f4 Ned7 15.
Ned5 Bxd5 16. exd5 exd5 17. Nb5 Qb8 18. cxd5 Ne4 19. Qe3 Bf6 20. Bxf6 Ndxf6 21.
Qxa7 Qxa7+ 22. Nxa7 Nc3 23. Bc4 Ncxd5 24. Rf3 Nc7 25. Nb5 Nxb5 26. Bxb5 d5 27.
Rd1 Rd6 28. Re3 Rfd8 29. Rd4 Ne4 30. f5 Kf8 31. h3 Ke7 32. Bd3 Kf6 33. Bxe4
dxe4 34. Rdxe4 Rd2 35. Rb4 R8d7 36. Rg3 R2d5 37. a4 Rd1+ 38. Kh2 R1d4 39. Rxd4
Rxd4 40. Rg4 Rd7 41. Kg1 h5 42. Rf4 Kg5 43. Rf3 Rd1+ 44. Kh2 h4 45. Rc3 Rb1 46.
a5 f6 47. Rd3 g6 48. fxg6 Kxg6 49. Rd4 Rxb3 50. Rxh4 Ra3 51. Rg4+ Kh6 52. Rb4
Rxa5 53. Rxb7 Ra3 54. Rb8 f5 55. Rf8 Kg5 56. Rg8+ Kh5 57. Rg3 Ra4 58. Rb3 Kg5
59. Kg3 Rc4 60. Rd3 Ra4 61. Rd8 Ra3+ 62. Kf2 Ra2+ 63. Ke3 Ra3+ 64. Rd3 Ra4 65.
Rb3 Re4+ 66. Kf3 Rf4+ 67. Ke2 Re4+ 68. Re3 Ra4 69. Rg3+ Kh5 70. Rg8 Ra3 71. Kf2
Rb3 72. g3 Ra3 73. h4 f4 74. Rg5+ Kh6 75. gxf4 Rh3 76. Rg8 Kh7 77. Rg4 Kh6 78.
Kg2 Ra3 79. Rg5 Rb3 80. f5 1/2-1/2

[Event "Staatsliga B"]
[Site "St. Valentin"]
[Date "2004.03.14"]
[Round "11.4"]
[White "Loebler, Heimo"]
[Black "Pilaj, Herwig"]
[Result "0-1"]
[WhiteElo "2216"]
[BlackElo "2343"]
[PlyCount "74"]
[EventDate "2003.11.08"]

1. Nf3 d5 2. c4 c6 3. g3 Nf6 4. Bg2 Bg4 5. cxd5 Bxf3 6. Bxf3 cxd5 7. Qb3 Qd7 8.
Nc3 e6 9. d3 Nc6 10. Qa4 Be7 11. g4 Ne5 12. Qf4 Bd6 13. Qg5 Nxf3+ 14. exf3 O-O
15. h4 Be7 16. Qe5 Qc6 17. Qe2 b5 18. h5 b4 19. Nd1 d4 20. g5 Nd7 21. Rh3 Nc5
22. h6 g6 23. Bd2 a5 24. Rc1 Qd5 25. Rg3 Bd6 26. f4 e5 27. fxe5 Bxe5 28. Qf3
Qd6 29. Rg2 f6 30. gxf6 Rae8 31. Kf1 Rxf6 32. Qh3 Ne6 33. b3 Bf4 34. Rc2 Bxd2
35. Rxd2 Nf4 36. Qg4 Qe5 37. Kg1 Rf5 0-1

[Event "Staatsliga B"]
[Site "St. Valentin"]
[Date "2004.03.14"]
[Round "11.4"]
[White "Genser, Harald"]
[Black "Riedner, Martin"]
[Result "1-0"]
[WhiteElo "2288"]
[BlackElo "2169"]
[PlyCount "85"]
[EventDate "2003.11.08"]

1. d4 f5 2. g3 Nf6 3. Bg2 g6 4. c4 Bg7 5. Nc3 O-O 6. Nh3 d6 7. d5 Na6 8. O-O
Nc5 9. Nf4 e5 10. dxe6 c6 11. Rb1 Nxe6 12. b3 Nxf4 13. Bxf4 Nh5 14. Bd2 f4 15.
Rc1 fxg3 16. hxg3 Bg4 17. Ne4 d5 18. cxd5 cxd5 19. Bg5 Qa5 20. Rc5 Qxa2 21.
Qxd5+ Kh8 22. Nc3 Qa3 23. Nb5 Qb2 24. Be7 Rg8 25. Nd6 h6 26. Be4 Nf6 27. Bxg6
Bf8 28. Nf7+ Kg7 29. Bxf8+ Rgxf8 30. Qxb7 Rab8 31. Qxa7 Ra8 32. Qb7 Rab8 33.
Qa7 Ra8 34. Qb7 Rab8 35. Qc7 Rbc8 36. Qf4 Kxg6 37. Ne5+ Kg7 38. Rfc1 Rxc5 39.
Rxc5 Qb1+ 40. Rc1 Qf5 41. Rc7+ Nd7 42. Qxg4+ Qxg4 43. Nxg4 1-0

[Event "Staatsliga B"]
[Site "St. Valentin"]
[Date "2004.03.14"]
[Round "11.4"]
[White "Pfaffel, Thomas"]
[Black "Titz, Heimo"]
[Result "1/2-1/2"]
[WhiteElo "2126"]
[BlackElo "2295"]
[PlyCount "66"]
[EventDate "2003.11.08"]

1. e4 c5 2. Nf3 e6 3. d4 cxd4 4. Nxd4 a6 5. Bd3 Bc5 6. Nb3 Ba7 7. Nc3 Nc6 8.
Bf4 e5 9. Bg3 Nge7 10. Qd2 d6 11. O-O-O Be6 12. Rhe1 Rc8 13. Kb1 O-O 14. f3 Nd4
15. f4 f6 16. Bf2 Nxb3 17. axb3 Bxf2 18. Qxf2 Qa5 19. f5 Bf7 20. g4 d5 21. exd5
Nxd5 22. Nxd5 Bxd5 23. g5 Qc5 24. Qh4 Qe7 25. Re3 fxg5 26. Qxh7+ Kxh7 27. f6+
e4 28. fxe7 Rfe8 29. Bxe4+ Bxe4 30. Rxe4 Rc7 31. Rde1 Kg6 32. c3 Kf7 33. Rf1+
Kg8 1/2-1/2

[Event "Staatsliga B"]
[Site "St. Valentin"]
[Date "2004.03.14"]
[Round "11.4"]
[White "Waldmann, Gerald"]
[Black "Boehm, Thomas"]
[Result "1-0"]
[WhiteElo "2150"]
[BlackElo "2053"]
[PlyCount "109"]
[EventDate "2003.11.08"]

1. e4 c5 2. Nf3 d6 3. d4 cxd4 4. Nxd4 Nf6 5. Nc3 g6 6. Be3 Bg7 7. f3 Nc6 8. Bc4
O-O 9. Qd2 Bd7 10. Bb3 Qa5 11. O-O-O Rfc8 12. Kb1 Ne5 13. h4 Nc4 14. Bxc4 Rxc4
15. Nb3 Qd8 16. g4 a5 17. e5 Ne8 18. h5 Rxc3 19. Qxc3 a4 20. Nc1 Be6 21. hxg6
fxg6 22. Bd4 Nc7 23. Bb6 Rc8 24. Qa5 Qd7 25. Bxc7 Rxc7 26. Nd3 b6 27. Qxb6 Rb7
28. Qa5 Ra7 29. Qd2 Qb5 30. Qb4 Qd7 31. Nc5 Qc8 32. Nxe6 Rb7 33. Qa5 Bxe5 34.
Qd8+ Qxd8 35. Nxd8 Rxb2+ 36. Kc1 a3 37. Ne6 Rxa2 38. Kd2 Rb2 39. Ra1 a2 40.
Rhd1 h6 41. Kd3 Kf7 42. Nd4 Bxd4 43. Kxd4 Rxc2 44. Rd3 h5 45. gxh5 gxh5 46. Ra3
e5+ 47. Kd3 Rg2 48. R1xa2 Rg3 49. Ke4 h4 50. Rh2 h3 51. Kf5 Kg7 52. Ra7+ Kh6
53. Ke4 Kh5 54. Rh7+ Kg5 55. R2xh3 1-0

[Event "Staatsliga B"]
[Site "St. Valentin"]
[Date "2004.03.14"]
[Round "11.5"]
[White "Pflug, Mathias"]
[Black "Zaja, Ivan"]
[Result "0-1"]
[WhiteElo "2236"]
[BlackElo "2430"]
[PlyCount "63"]
[EventDate "2003.11.08"]

1. e4 e6 2. d4 d5 3. Nc3 Bb4 4. e5 c5 5. a3 Ba5 6. b4 cxd4 7. Nb5 Bc7 8. f4 Bd7
9. Nf3 Ne7 10. Bd3 Bxb5 11. Bxb5+ Nd7 12. Nxd4 Bb6 13. Be3 O-O 14. O-O Nc6 15.
Rc1 f6 16. Bxc6 bxc6 17. Qd2 Bxd4 18. Bxd4 fxe5 19. Bxe5 Nxe5 20. fxe5 Qb6+ 21.
Kh1 Qb5 22. Qd3 a5 23. Rxf8+ Rxf8 24. bxa5 Qxa5 25. c4 Qa6 26. h3 c5 27. Qb3 d4
28. a4 Qa7 29. Rb1 Qc7 30. Qb7 Rf1+ 31. Kh2 Qxe5+ 32. g3 0-1

[Event "Staatsliga B"]
[Site "St. Valentin"]
[Date "2004.03.14"]
[Round "11.5"]
[White "Bukal, Vladimir Jr"]
[Black "Hellmayr, Alois"]
[Result "1/2-1/2"]
[WhiteElo "2381"]
[BlackElo "2256"]
[PlyCount "133"]
[EventDate "2003.11.08"]

1. d4 Nf6 2. c4 e6 3. Nf3 Bb4+ 4. Nbd2 b6 5. g3 Bb7 6. Bg2 c5 7. a3 Bxd2+ 8.
Bxd2 d6 9. O-O O-O 10. Be3 Qc8 11. Rc1 Nbd7 12. b4 Rd8 13. Qb3 h6 14. Rfd1 Be4
15. Bh3 a5 16. Nd2 Bb7 17. Nb1 axb4 18. axb4 Qc6 19. d5 exd5 20. b5 Qc7 21.
cxd5 Re8 22. Rc2 Ra5 23. Bg2 Rea8 24. Bd4 Qd8 25. Bb2 Ra4 26. Na3 Qe7 27. Qc3
Rb4 28. h3 Raa4 29. Qd3 Rd4 30. Bxd4 Rxd4 31. Qxd4 cxd4 32. Rxd4 Nc5 33. Nc4
Nfd7 34. Ra2 g6 35. e3 Kg7 36. Ra3 Qf8 37. Kh2 Qb8 38. e4 Qf8 39. f4 Qe7 40.
Re3 Qf6 41. e5 dxe5 42. fxe5 Qf2 43. Rd2 Qf5 44. Re1 Nf8 45. Rf1 Qg5 46. Rdf2
f5 47. exf6+ Kg8 48. Re2 Ncd7 49. h4 Qg4 50. Re4 Qh5 51. Ne3 Bxd5 52. Bf3 Bxe4
53. Bxh5 gxh5 54. Rf4 Bd3 55. Nd5 Kf7 56. Rd4 Bxb5 57. Nxb6 Nxf6 58. Nd5 Ng4+
59. Kg1 Ne6 60. Rb4 Bc6 61. Nc3 Kf6 62. Ne2 Ke5 63. Nf4 Nd4 64. Nxh5 Ke4 65.
Nf4 Ke3 66. Ng2+ Ke4 67. Nf4 1/2-1/2

[Event "Staatsliga B"]
[Site "St. Valentin"]
[Date "2004.03.14"]
[Round "11.5"]
[White "Hiermann, Dietmar"]
[Black "Stuhlik, Marko"]
[Result "1-0"]
[WhiteElo "2256"]
[BlackElo "2286"]
[PlyCount "99"]
[EventDate "2003.11.08"]

1. e4 g6 2. d4 Bg7 3. Nc3 c6 4. Nf3 d6 5. h3 Nd7 6. Be3 Qc7 7. Qd2 b5 8. Bd3 a6
9. O-O Ngf6 10. Ne2 O-O 11. c3 e5 12. Ng3 Re8 13. Bh6 Nf8 14. Bc2 Bd7 15. Rad1
Rad8 16. Rfe1 Bc8 17. Nh4 Qe7 18. Bxg7 Kxg7 19. Qg5 Kh8 20. dxe5 Qxe5 21. Qh6
Ng8 22. Qe3 Ne6 23. Bb3 Qc5 24. Qxc5 dxc5 25. Bxe6 Bxe6 26. Nf3 Kg7 27. Nf1 Nf6
28. Rxd8 Rxd8 29. a3 Rd3 30. Ne5 Rd6 31. g4 Nd7 32. Nxd7 Rxd7 33. Re2 Rd1 34.
Rd2 Rb1 35. Kg2 a5 36. Ne3 a4 37. f4 Bb3 38. f5 Re1 39. Kf2 Rh1 40. Kg3 Re1 41.
Ng2 Rb1 42. e5 gxf5 43. gxf5 Rg1 44. Kf2 Rh1 45. Nf4 Bc4 46. Rd6 Rf1+ 47. Kg3
Rg1+ 48. Kh4 h6 49. Nh5+ Kh7 50. Nf6+ 1-0

[Event "Staatsliga B"]
[Site "St. Valentin"]
[Date "2004.03.14"]
[Round "11.5"]
[White "Aschenbrenner, Robert"]
[Black "Testor, Sebastian"]
[Result "1-0"]
[WhiteElo "2229"]
[BlackElo "2158"]
[PlyCount "70"]
[EventDate "2003.11.08"]

1. d4 e6 2. c4 Nf6 3. Nc3 Bb4 4. f3 c5 5. d5 b5 6. e4 O-O 7. Kf2 Nh5 8. g4 Bxc3
9. bxc3 f5 10. exf5 Qh4+ 11. Kg2 Nf6 12. Nh3 h6 13. Nf4 Nh7 14. Ng6 Qf6 15.
Nxf8 Nxf8 16. Bd3 bxc4 17. Be4 exf5 18. Bxf5 Ng6 19. Be4 d6 20. Qc2 Nf4+ 21.
Bxf4 Qxf4 22. Rhe1 Nd7 23. Bh7+ Kf8 24. Qf5+ Qxf5 25. Bxf5 Ne5 26. Bxc8 Rxc8
27. Rab1 Rc7 28. Rb8+ Kf7 29. h4 Kg6 30. Rd8 Nf7 31. Re6+ Kh7 32. Rb8 g5 33.
hxg5 hxg5 34. Rbe8 Rb7 35. Kg3 Kg7 1-0

[Event "Staatsliga B"]
[Site "St. Valentin"]
[Date "2004.03.14"]
[Round "11.5"]
[White "Lautner, Josef"]
[Black "Mitter, Gerd"]
[Result "1/2-1/2"]
[WhiteElo "2197"]
[BlackElo "2188"]
[PlyCount "107"]
[EventDate "2003.11.08"]

1. d4 Nf6 2. c4 g6 3. Nc3 d5 4. Nf3 Bg7 5. cxd5 Nxd5 6. Qa4+ Nc6 7. Ne5 Nxc3 8.
bxc3 Bd7 9. Nxd7 Qxd7 10. e3 Nd8 11. Qxd7+ Kxd7 12. Rb1 c6 13. e4 e5 14. Be3
Kc7 15. Bc4 Re8 16. d5 f6 17. O-O b6 18. dxc6 Nxc6 19. Bd5 Rad8 20. Rb5 Bf8 21.
Rfb1 Rb8 22. a4 Bd6 23. Kf1 Red8 24. Ke2 Ne7 25. a5 Nxd5 26. exd5 bxa5 27. Bxa7
Rxb5 28. Rxb5 Ra8 29. Bb6+ Kd7 30. Bxa5 e4 31. h4 f5 32. Ke3 Ra7 33. Kd4 Be7
34. g3 Bf6+ 35. Kc4 g5 36. hxg5 Bxg5 37. Kb3 e3 38. fxe3 Bxe3 39. Bb6 Rb7 40.
Bxe3 Rxb5+ 41. Kc4 Rb8 42. Kd4 Rg8 43. Bf4 Re8 44. Be5 Ra8 45. c4 Ra4 46. Kc5
Ra2 47. Kb4 Re2 48. Bf4 Re4 49. Kb3 h5 50. Bb8 Re8 51. Bf4 Re4 52. Bb8 Re8 53.
Bf4 Re4 54. Bb8 1/2-1/2

[Event "Staatsliga B"]
[Site "St. Valentin"]
[Date "2004.03.14"]
[Round "11.6"]
[White "Ribli, Zoltan"]
[Black "Janz, Frerik"]
[Result "1-0"]
[WhiteElo "2593"]
[BlackElo "2394"]
[PlyCount "79"]
[EventDate "2003.11.08"]

1. g3 Nf6 2. Bg2 d5 3. Nf3 g6 4. c4 Bg7 5. O-O O-O 6. cxd5 Nxd5 7. d4 Nb6 8.
Nc3 Nc6 9. d5 Na5 10. Qc2 c6 11. dxc6 Nxc6 12. Rd1 Bf5 13. e4 Bd7 14. Nd5 Nxd5
15. exd5 Na5 16. Qe2 Re8 17. Nd4 Qc8 18. Be3 Qc4 19. Qe1 b6 20. b4 Nb7 21. Rac1
Qa6 22. Rc7 Bg4 23. Bf1 b5 24. Bxb5 Qb6 25. Bxe8 Qxc7 26. Rc1 Qd8 27. Bc6 Rb8
28. a4 a6 29. a5 Nd6 30. Kg2 h5 31. h3 Bf5 32. Nxf5 Nxf5 33. Ba7 Rc8 34. Bb6
Qd6 35. Qe4 e6 36. dxe6 fxe6 37. b5 axb5 38. a6 Ne7 39. a7 Nxc6 40. Rxc6 1-0

[Event "Staatsliga B"]
[Site "St. Valentin"]
[Date "2004.03.14"]
[Round "11.6"]
[White "Bawart, Markus"]
[Black "Kranzl, Peter"]
[Result "1/2-1/2"]
[WhiteElo "2346"]
[BlackElo "2246"]
[PlyCount "25"]
[EventDate "2003.11.08"]

1. e4 c6 2. d4 d5 3. Nd2 dxe4 4. Nxe4 Nd7 5. Nf3 Ngf6 6. Nxf6+ Nxf6 7. Bc4 Bf5
8. O-O e6 9. Re1 Be7 10. Bb3 O-O 11. Bf4 c5 12. h3 a6 13. Be5 1/2-1/2

[Event "Staatsliga B"]
[Site "St. Valentin"]
[Date "2004.03.14"]
[Round "11.6"]
[White "Hatzl, Stefan"]
[Black "Freimueller, Peter"]
[Result "1-0"]
[WhiteElo "2205"]
[BlackElo "2154"]
[PlyCount "73"]
[EventDate "2003.11.08"]

1. e4 c5 2. c3 d5 3. exd5 Qxd5 4. d4 cxd4 5. cxd4 Nc6 6. Nf3 Bg4 7. Nc3 Qa5 8.
d5 Rd8 9. Bd2 Nb4 10. a3 Na6 11. Qb3 Qc7 12. Bb5+ Bd7 13. Be3 Bxb5 14. Qxb5+
Qd7 15. Qb3 Nf6 16. Rd1 b6 17. Ne5 Qb7 18. O-O Nd7 19. f4 f6 20. Nc6 Rc8 21.
Rfe1 Nab8 22. Nd4 Nc5 23. Qb5+ Qd7 24. Qe2 g6 25. d6 exd6 26. b4 Nb7 27. Bf2+
Kf7 28. Qa2+ Kg7 29. Ne6+ Kg8 30. Nd5 Bg7 31. Nxg7 Qxg7 32. Re7 Kf8 33. Rxg7
Kxg7 34. Nxf6 Rhf8 35. Bd4 Rxf6 36. Qe6 Rcf8 37. Qe7+ 1-0